A study of history
The problem of the growths of civilizations; The nature of growths of civilizations; The cause of the growths of civilizations.
Gorde:
| Egile nagusia: | |
|---|---|
| Formatua: | Liburua |
| Hizkuntza: | Undetermined |
| Argitaratua: |
London
1934
|
| Gaiak: | |
| Etiketak: |
Etiketa erantsi
Etiketarik gabe, Izan zaitez lehena erregistro honi etiketa jartzen!
|
| Thư viện lưu trữ: | Trung tâm Học liệu Trường Đại học Cần Thơ |
|---|
| LEADER | 00659nam a2200205Ia 4500 | ||
|---|---|---|---|
| 001 | CTU_217595 | ||
| 008 | 210402s9999 xx 000 0 und d | ||
| 020 | |c 15 | ||
| 082 | |a 909 | ||
| 082 | |b T756/Vol.3 | ||
| 100 | |a Toynbee, Arnold J. | ||
| 245 | 2 | |a A study of history | |
| 245 | 0 | |c Arnold J. Toynbee | |
| 260 | |a London | ||
| 260 | |c 1934 | ||
| 520 | |a The problem of the growths of civilizations; The nature of growths of civilizations; The cause of the growths of civilizations. | ||
| 650 | |a Civilization,Nền văn minh | ||
| 650 | |x History,Lịch sử | ||
| 904 | |i Trinh, Trúc | ||
| 980 | |a Trung tâm Học liệu Trường Đại học Cần Thơ | ||